Statistics for Subway Surfers Characters

Click here to take the quiz!

General Stats

  • This quiz has been taken 18 times
  • The average score is 18 of 96

Answer Stats

Character% Correct
Jack
100%
Jake
50%
Spike
50%
Tricky
50%
Lucy
50%
Ninja
50%
Fresh
38%
Ella
38%
King
38%
Tagbot
38%
Tasha
38%
Zoe
38%
Prince K
38%
Dino
25%
Boombot
25%
Kim
25%
Brody
25%
Mike
25%
Frank
25%
Yutani
25%
Jenny
25%
Hugo
13%
Rabbot
13%
Miss Maia
13%
Rin
13%
Alicia
13%
Scarlett
13%
E.Z.
13%
Brandon
13%
Nina
13%
Dylan
13%
Sofia
13%
Nicolai
13%
Manny
13%
Ace
13%
Monkbot
13%
Kareem
13%
Dak
13%
Qin
13%
Tankbot
13%
Saquon
13%
Patrick
13%
Odell
13%
Tom
13%
Lamar
13%
Callum
13%
Mei
13%
Ming
13%
Liu
13%
Lee
13%
Festive Fresh
13%
Amy
13%
Alba
13%
Maeko
13%
Mimi
13%
Diego
13%
Carlos
13%
Salma
13%
Sun
13%
Olivia
13%
Rosa
13%
Mina
13%
Jay
13%
Jamie
13%
Eddy
13%
Alex
13%
Coco
13%
Wayne
13%
Nick
13%
Harumi
13%
Roberto
13%
Carmen
13%
Tony
13%
Elf Tricky
13%
Zombie Jake
13%
Edison
13%
Jasmine
13%
Freya
13%
Aina
13%
Philip
13%
Jolien
13%
Malik
13%
Lauren
13%
Ramona
13%
Bjarki
13%
Jia
13%
Jaro
13%
Noon
13%
Zuri
13%
Nikos
13%
Marco
13%
Amira
13%
Izzy
13%
Rex
13%
Buddy
13%
Hou
13%

Score Distribution

Percentile by Number Answered

Percent of People with Each Score

Your Score History

You have not taken this quiz